书目信息 |
| 题名: |
加蓬史略
|
|
| 作者: | 瓦尔克尔 著 ;山东大学翻译组 译 | |
| 分册: | ||
| 出版信息: | 济南 山东人民出版社 1975.08 |
|
| 页数: | 424页 | |
| 开本: | 20cm | |
| 丛书名: | ||
| 单 册: | ||
| 中图分类: | K465 | |
| 科图分类: | ||
| 主题词: | 中非--历史 | |
| 电子资源: | ||
| ISBN: | ||
| 000 | 00700nam0 2200229 45 | |
| 001 | 0212201023 | |
| 005 | 20060405090628.37 | |
| 010 | @dCNY1.24 | |
| 091 | @a11099.43 | |
| 100 | @a20021220d1975 km y0chiy0120 ea | |
| 101 | 0 | @achi |
| 105 | @ab z 000yy | |
| 200 | 1 | @a加蓬史略@AJia Peng Shi Lue@f(加蓬)安德烈·拉蓬达·瓦尔克尔著@F(Jia Peng)An De Lie·La Peng Da·Wa Er Ke Er Zhu@g山东大学翻译组译 |
| 210 | @a济南@c山东人民出版社@d1975.08 | |
| 215 | @a424页@c地图@d20cm | |
| 300 | @a内部参考读物 | |
| 606 | 0 | @a中非@x历史 |
| 690 | @aK465@v4 | |
| 701 | 0 | @a瓦尔克尔@Awa er ke er@4著 |
| 712 | 02 | @a山东大学翻译组@AShan Dong Da Xue Fan Yi Zu@4译 |
| 801 | @aCN@bTSTC@c20060405 | |
| 905 | @dK465@e1 | |
| 加蓬史略/(加蓬)安德烈·拉蓬达·瓦尔克尔著/山东大学翻译组译.-济南:山东人民出版社,1975.08 |
| 424页:地图;20cm |
| 内部参考读物 |
| ISBN :CNY1.24 |
| ● |
| 相关链接 |
|
|
|
|
正题名:加蓬史略
索取号:K465/1
 
预约/预借
| 序号 | 登录号 | 条形码 | 馆藏地/架位号 | 状态 | 备注 |
| 1 | 0218832 | 001891411 | 密集书库/ [索取号:K465/1] | 在馆 | |
| 2 | 0218833 | 001396199 | 第二借阅区/ [索取号:K465/1] | 在馆 | |
| 3 | 0218834 | 001396135 | 第二借阅区/ [索取号:K465/1] | 在馆 | |
| 4 | 0218835 | 202224486 | 密集书库/ [索取号:K465/1] | 在馆 | |
| 5 | 0218836 | 001891402 | 密集书库/ [索取号:K465/1] | 在馆 | |
| 6 | 0219193 | 001739097 | 密集书库/ [索取号:K465/1] | 在馆 |